<?xml version="1.0" encoding="UTF-8"?>
<record
    xmlns:xsi="http://www.w3.org/2001/XMLSchema-instance"
    xsi:schemaLocation="http://www.loc.gov/MARC21/slim http://www.loc.gov/standards/marcxml/schema/MARC21slim.xsd"
    xmlns="http://www.loc.gov/MARC21/slim">

  <leader>00837nas a2200205 a 4500</leader>
  <controlfield tag="003">OSt</controlfield>
  <controlfield tag="005">20170727164743.0</controlfield>
  <controlfield tag="008">130121d19331936sp u||p||||||||cat||||||d</controlfield>
  <datafield tag="040" ind1=" " ind2=" ">
    <subfield code="a">CDMR</subfield>
    <subfield code="b">cat</subfield>
    <subfield code="c">CDMR</subfield>
  </datafield>
  <datafield tag="110" ind1="2" ind2=" ">
    <subfield code="9">134</subfield>
    <subfield code="a">Associaci&#xF3; de Periodistes de Barcelona</subfield>
  </datafield>
  <datafield tag="245" ind1="1" ind2="0">
    <subfield code="a">Annals del Periodisme Catal&#xE0; </subfield>
    <subfield code="c">Associaci&#xF3; Periodistes Barcelona</subfield>
  </datafield>
  <datafield tag="260" ind1=" " ind2=" ">
    <subfield code="a">Barcelona</subfield>
    <subfield code="b">Associaci&#xF3; de Periodistes de Barcelona</subfield>
    <subfield code="c">1933-1936</subfield>
  </datafield>
  <datafield tag="300" ind1=" " ind2=" ">
    <subfield code="a">v.</subfield>
  </datafield>
  <datafield tag="310" ind1=" " ind2=" ">
    <subfield code="a">Irregular</subfield>
  </datafield>
  <datafield tag="362" ind1="0" ind2=" ">
    <subfield code="a">1a &#xE8;poca, n&#xFA;m. 0 (agost 1933) - n&#xFA;m. 25 (maig 1936) </subfield>
  </datafield>
  <datafield tag="650" ind1="0" ind2="4">
    <subfield code="9">4533</subfield>
    <subfield code="a">Associacions de periodistes</subfield>
    <subfield code="y">1933-1936</subfield>
    <subfield code="z">Catalunya</subfield>
  </datafield>
  <datafield tag="785" ind1="0" ind2="0">
    <subfield code="a">Annals del Periodisme Catal&#xE0;</subfield>
    <subfield code="d">Barcelona : Col&#xB7;legi de Periodistes de Catalunya, 1984-1995</subfield>
    <subfield code="x">1135-1039</subfield>
  </datafield>
  <datafield tag="856" ind1="4" ind2="0">
    <subfield code="u">http://raco.cat/index.php/annalsperiodismecatala/index</subfield>
    <subfield code="y">Disponible en l&#xED;nia (RACO)</subfield>
  </datafield>
  <datafield tag="942" ind1=" " ind2=" ">
    <subfield code="c">SER</subfield>
    <subfield code="2">udc</subfield>
  </datafield>
  <datafield tag="999" ind1=" " ind2=" ">
    <subfield code="c">6681</subfield>
    <subfield code="d">6681</subfield>
  </datafield>
  <datafield tag="952" ind1=" " ind2=" ">
    <subfield code="0">0</subfield>
    <subfield code="1">0</subfield>
    <subfield code="2">ddc</subfield>
    <subfield code="4">0</subfield>
    <subfield code="7">1</subfield>
    <subfield code="a">LLEIDA</subfield>
    <subfield code="b">LLEIDA</subfield>
    <subfield code="d">2013-01-21</subfield>
    <subfield code="h">Any II Num. 8. 1934</subfield>
    <subfield code="l">0</subfield>
    <subfield code="o">47APB</subfield>
    <subfield code="p">LLEIDA1312613134</subfield>
    <subfield code="r">2013-01-21</subfield>
    <subfield code="w">2013-01-21</subfield>
    <subfield code="y">RES</subfield>
  </datafield>
  <datafield tag="952" ind1=" " ind2=" ">
    <subfield code="0">0</subfield>
    <subfield code="1">0</subfield>
    <subfield code="2">ddc</subfield>
    <subfield code="4">0</subfield>
    <subfield code="7">1</subfield>
    <subfield code="a">LLEIDA</subfield>
    <subfield code="b">LLEIDA</subfield>
    <subfield code="d">2013-01-21</subfield>
    <subfield code="h">Any I Num. 2. 1933</subfield>
    <subfield code="l">0</subfield>
    <subfield code="o">42APB</subfield>
    <subfield code="p">LLEIDA1312613135</subfield>
    <subfield code="r">2013-01-21</subfield>
    <subfield code="w">2013-01-21</subfield>
    <subfield code="y">RES</subfield>
  </datafield>
  <datafield tag="952" ind1=" " ind2=" ">
    <subfield code="0">0</subfield>
    <subfield code="1">0</subfield>
    <subfield code="2">ddc</subfield>
    <subfield code="4">0</subfield>
    <subfield code="7">1</subfield>
    <subfield code="a">LLEIDA</subfield>
    <subfield code="b">LLEIDA</subfield>
    <subfield code="d">2013-01-21</subfield>
    <subfield code="h">Any II Num. 3. 1934</subfield>
    <subfield code="l">0</subfield>
    <subfield code="o">43APB</subfield>
    <subfield code="p">LLEIDA1312613136</subfield>
    <subfield code="r">2013-01-21</subfield>
    <subfield code="w">2013-01-21</subfield>
    <subfield code="y">RES</subfield>
  </datafield>
  <datafield tag="952" ind1=" " ind2=" ">
    <subfield code="0">0</subfield>
    <subfield code="1">0</subfield>
    <subfield code="2">ddc</subfield>
    <subfield code="4">0</subfield>
    <subfield code="7">1</subfield>
    <subfield code="a">LLEIDA</subfield>
    <subfield code="b">LLEIDA</subfield>
    <subfield code="d">2013-01-21</subfield>
    <subfield code="h">Any II Num. 4. 1934</subfield>
    <subfield code="l">0</subfield>
    <subfield code="o">44APB</subfield>
    <subfield code="p">LLEIDA1312613137</subfield>
    <subfield code="r">2013-01-21</subfield>
    <subfield code="w">2013-01-21</subfield>
    <subfield code="y">RES</subfield>
  </datafield>
  <datafield tag="952" ind1=" " ind2=" ">
    <subfield code="0">0</subfield>
    <subfield code="1">0</subfield>
    <subfield code="2">ddc</subfield>
    <subfield code="4">0</subfield>
    <subfield code="7">1</subfield>
    <subfield code="a">LLEIDA</subfield>
    <subfield code="b">LLEIDA</subfield>
    <subfield code="d">2013-01-21</subfield>
    <subfield code="h">Any II Num. 6. 1934</subfield>
    <subfield code="l">0</subfield>
    <subfield code="o">45APB</subfield>
    <subfield code="p">LLEIDA1312613138</subfield>
    <subfield code="r">2013-01-21</subfield>
    <subfield code="w">2013-01-21</subfield>
    <subfield code="y">RES</subfield>
  </datafield>
  <datafield tag="952" ind1=" " ind2=" ">
    <subfield code="0">0</subfield>
    <subfield code="1">0</subfield>
    <subfield code="2">ddc</subfield>
    <subfield code="4">0</subfield>
    <subfield code="7">1</subfield>
    <subfield code="a">LLEIDA</subfield>
    <subfield code="b">LLEIDA</subfield>
    <subfield code="d">2013-01-21</subfield>
    <subfield code="h">Any III Num. 10. 1935</subfield>
    <subfield code="l">0</subfield>
    <subfield code="o">49APB</subfield>
    <subfield code="p">LLEIDA1312613139</subfield>
    <subfield code="r">2013-01-21</subfield>
    <subfield code="w">2013-01-21</subfield>
    <subfield code="y">RES</subfield>
  </datafield>
  <datafield tag="952" ind1=" " ind2=" ">
    <subfield code="0">0</subfield>
    <subfield code="1">0</subfield>
    <subfield code="2">ddc</subfield>
    <subfield code="4">0</subfield>
    <subfield code="7">1</subfield>
    <subfield code="a">LLEIDA</subfield>
    <subfield code="b">LLEIDA</subfield>
    <subfield code="d">2013-01-21</subfield>
    <subfield code="h">Any III Num. 11. 1935</subfield>
    <subfield code="l">0</subfield>
    <subfield code="o">50APB</subfield>
    <subfield code="p">LLEIDA1312613140</subfield>
    <subfield code="r">2013-01-21</subfield>
    <subfield code="w">2013-01-21</subfield>
    <subfield code="y">RES</subfield>
  </datafield>
  <datafield tag="952" ind1=" " ind2=" ">
    <subfield code="0">0</subfield>
    <subfield code="1">0</subfield>
    <subfield code="2">ddc</subfield>
    <subfield code="4">0</subfield>
    <subfield code="7">1</subfield>
    <subfield code="a">LLEIDA</subfield>
    <subfield code="b">LLEIDA</subfield>
    <subfield code="d">2013-01-21</subfield>
    <subfield code="h">Any III Num. 17. 1935</subfield>
    <subfield code="l">0</subfield>
    <subfield code="o">52APB</subfield>
    <subfield code="p">LLEIDA1312613141</subfield>
    <subfield code="r">2013-01-21</subfield>
    <subfield code="w">2013-01-21</subfield>
    <subfield code="y">RES</subfield>
  </datafield>
  <datafield tag="952" ind1=" " ind2=" ">
    <subfield code="0">0</subfield>
    <subfield code="1">0</subfield>
    <subfield code="2">ddc</subfield>
    <subfield code="4">0</subfield>
    <subfield code="7">1</subfield>
    <subfield code="a">LLEIDA</subfield>
    <subfield code="b">LLEIDA</subfield>
    <subfield code="d">2013-01-21</subfield>
    <subfield code="h">Any III Num. 12. 1935</subfield>
    <subfield code="l">0</subfield>
    <subfield code="o">51APB</subfield>
    <subfield code="p">LLEIDA1312613142</subfield>
    <subfield code="r">2013-01-21</subfield>
    <subfield code="w">2013-01-21</subfield>
    <subfield code="y">RES</subfield>
  </datafield>
  <datafield tag="952" ind1=" " ind2=" ">
    <subfield code="0">0</subfield>
    <subfield code="1">0</subfield>
    <subfield code="2">ddc</subfield>
    <subfield code="4">0</subfield>
    <subfield code="7">1</subfield>
    <subfield code="a">LLEIDA</subfield>
    <subfield code="b">LLEIDA</subfield>
    <subfield code="d">2013-01-21</subfield>
    <subfield code="h">Any II Num. 7. 1934</subfield>
    <subfield code="l">0</subfield>
    <subfield code="o">46APB</subfield>
    <subfield code="p">LLEIDA1312613145</subfield>
    <subfield code="r">2013-01-21</subfield>
    <subfield code="w">2013-01-21</subfield>
    <subfield code="y">RES</subfield>
  </datafield>
  <datafield tag="952" ind1=" " ind2=" ">
    <subfield code="0">0</subfield>
    <subfield code="1">0</subfield>
    <subfield code="2">ddc</subfield>
    <subfield code="4">0</subfield>
    <subfield code="7">1</subfield>
    <subfield code="a">LLEIDA</subfield>
    <subfield code="b">LLEIDA</subfield>
    <subfield code="d">2013-01-21</subfield>
    <subfield code="h">Any III Num. 18. 1935</subfield>
    <subfield code="l">0</subfield>
    <subfield code="o">53APB</subfield>
    <subfield code="p">LLEIDA1312613146</subfield>
    <subfield code="r">2013-01-21</subfield>
    <subfield code="w">2013-01-21</subfield>
    <subfield code="y">RES</subfield>
  </datafield>
  <datafield tag="952" ind1=" " ind2=" ">
    <subfield code="0">0</subfield>
    <subfield code="1">0</subfield>
    <subfield code="2">ddc</subfield>
    <subfield code="4">0</subfield>
    <subfield code="7">1</subfield>
    <subfield code="a">LLEIDA</subfield>
    <subfield code="b">LLEIDA</subfield>
    <subfield code="d">2013-01-21</subfield>
    <subfield code="h">Any III Num. 9. 1934</subfield>
    <subfield code="l">0</subfield>
    <subfield code="o">48APB</subfield>
    <subfield code="p">LLEIDA1312613147</subfield>
    <subfield code="r">2013-01-21</subfield>
    <subfield code="w">2013-01-21</subfield>
    <subfield code="y">RES</subfield>
  </datafield>
  <datafield tag="952" ind1=" " ind2=" ">
    <subfield code="0">0</subfield>
    <subfield code="1">0</subfield>
    <subfield code="2">ddc</subfield>
    <subfield code="4">0</subfield>
    <subfield code="7">1</subfield>
    <subfield code="a">LLEIDA</subfield>
    <subfield code="b">LLEIDA</subfield>
    <subfield code="d">2013-01-21</subfield>
    <subfield code="h">Any IV Num. 21. 1936</subfield>
    <subfield code="l">0</subfield>
    <subfield code="o">54APB</subfield>
    <subfield code="p">LLEIDA1312613148</subfield>
    <subfield code="r">2013-01-21</subfield>
    <subfield code="w">2013-01-21</subfield>
    <subfield code="y">RES</subfield>
  </datafield>
  <datafield tag="952" ind1=" " ind2=" ">
    <subfield code="0">0</subfield>
    <subfield code="1">0</subfield>
    <subfield code="2">ddc</subfield>
    <subfield code="4">0</subfield>
    <subfield code="7">1</subfield>
    <subfield code="a">LLEIDA</subfield>
    <subfield code="b">LLEIDA</subfield>
    <subfield code="d">2013-01-21</subfield>
    <subfield code="h">Any IV Num. 22. 1936</subfield>
    <subfield code="l">0</subfield>
    <subfield code="o">55APB</subfield>
    <subfield code="p">LLEIDA1312613149</subfield>
    <subfield code="r">2013-01-21</subfield>
    <subfield code="w">2013-01-21</subfield>
    <subfield code="y">RES</subfield>
  </datafield>
  <datafield tag="952" ind1=" " ind2=" ">
    <subfield code="0">0</subfield>
    <subfield code="1">0</subfield>
    <subfield code="2">ddc</subfield>
    <subfield code="4">0</subfield>
    <subfield code="7">0</subfield>
    <subfield code="a">GIRONA</subfield>
    <subfield code="b">GIRONA</subfield>
    <subfield code="d">2013-01-23</subfield>
    <subfield code="h">(n&#xFA;mero 11) 1935</subfield>
    <subfield code="l">0</subfield>
    <subfield code="o">Bg 86</subfield>
    <subfield code="p">GIRONA15070083</subfield>
    <subfield code="r">2013-01-23</subfield>
    <subfield code="w">2013-01-23</subfield>
    <subfield code="y">RES</subfield>
  </datafield>
  <datafield tag="952" ind1=" " ind2=" ">
    <subfield code="0">0</subfield>
    <subfield code="1">0</subfield>
    <subfield code="2">ddc</subfield>
    <subfield code="4">0</subfield>
    <subfield code="7">0</subfield>
    <subfield code="a">GIRONA</subfield>
    <subfield code="b">GIRONA</subfield>
    <subfield code="d">2013-01-23</subfield>
    <subfield code="h">(n&#xFA;mero 17) 1935</subfield>
    <subfield code="l">0</subfield>
    <subfield code="o">Bg 90</subfield>
    <subfield code="p">GIRONA15070075</subfield>
    <subfield code="r">2013-01-23</subfield>
    <subfield code="w">2013-01-23</subfield>
    <subfield code="y">RES</subfield>
  </datafield>
  <datafield tag="952" ind1=" " ind2=" ">
    <subfield code="0">0</subfield>
    <subfield code="1">0</subfield>
    <subfield code="2">ddc</subfield>
    <subfield code="4">0</subfield>
    <subfield code="7">0</subfield>
    <subfield code="a">GIRONA</subfield>
    <subfield code="b">GIRONA</subfield>
    <subfield code="d">2013-01-23</subfield>
    <subfield code="h">(n&#xFA;mero 16) 1935</subfield>
    <subfield code="l">0</subfield>
    <subfield code="o">Bg 89</subfield>
    <subfield code="p">GIRONA15070074</subfield>
    <subfield code="r">2013-01-23</subfield>
    <subfield code="w">2013-01-23</subfield>
    <subfield code="y">RES</subfield>
  </datafield>
  <datafield tag="952" ind1=" " ind2=" ">
    <subfield code="0">0</subfield>
    <subfield code="1">0</subfield>
    <subfield code="2">ddc</subfield>
    <subfield code="4">0</subfield>
    <subfield code="7">0</subfield>
    <subfield code="a">GIRONA</subfield>
    <subfield code="b">GIRONA</subfield>
    <subfield code="d">2013-01-23</subfield>
    <subfield code="h">(n&#xFA;mero 18) 1935</subfield>
    <subfield code="l">0</subfield>
    <subfield code="o">Bg 91</subfield>
    <subfield code="p">GIRONA15070076</subfield>
    <subfield code="r">2013-01-23</subfield>
    <subfield code="w">2013-01-23</subfield>
    <subfield code="y">RES</subfield>
  </datafield>
  <datafield tag="952" ind1=" " ind2=" ">
    <subfield code="0">0</subfield>
    <subfield code="1">0</subfield>
    <subfield code="2">ddc</subfield>
    <subfield code="4">0</subfield>
    <subfield code="7">0</subfield>
    <subfield code="a">GIRONA</subfield>
    <subfield code="b">GIRONA</subfield>
    <subfield code="d">2013-01-23</subfield>
    <subfield code="h">(n&#xFA;mero 19) 1935</subfield>
    <subfield code="l">0</subfield>
    <subfield code="o">Bg 19</subfield>
    <subfield code="p">GIRONA15070077</subfield>
    <subfield code="r">2013-01-23</subfield>
    <subfield code="w">2013-01-23</subfield>
    <subfield code="y">RES</subfield>
  </datafield>
  <datafield tag="952" ind1=" " ind2=" ">
    <subfield code="0">0</subfield>
    <subfield code="1">0</subfield>
    <subfield code="2">ddc</subfield>
    <subfield code="4">0</subfield>
    <subfield code="7">0</subfield>
    <subfield code="a">GIRONA</subfield>
    <subfield code="b">GIRONA</subfield>
    <subfield code="d">2013-01-23</subfield>
    <subfield code="h">(n&#xFA;mero 21) 1936</subfield>
    <subfield code="l">0</subfield>
    <subfield code="o">Bg 93</subfield>
    <subfield code="p">GIRONA15070078</subfield>
    <subfield code="r">2013-01-23</subfield>
    <subfield code="w">2013-01-23</subfield>
    <subfield code="y">RES</subfield>
  </datafield>
  <datafield tag="952" ind1=" " ind2=" ">
    <subfield code="0">0</subfield>
    <subfield code="1">0</subfield>
    <subfield code="2">ddc</subfield>
    <subfield code="4">0</subfield>
    <subfield code="7">0</subfield>
    <subfield code="a">GIRONA</subfield>
    <subfield code="b">GIRONA</subfield>
    <subfield code="d">2013-01-23</subfield>
    <subfield code="h">(n&#xFA;mero 22) 1936</subfield>
    <subfield code="l">0</subfield>
    <subfield code="o">Bg 94</subfield>
    <subfield code="p">GIRONA15070079</subfield>
    <subfield code="r">2013-01-23</subfield>
    <subfield code="w">2013-01-23</subfield>
    <subfield code="y">RES</subfield>
  </datafield>
  <datafield tag="952" ind1=" " ind2=" ">
    <subfield code="0">0</subfield>
    <subfield code="1">0</subfield>
    <subfield code="2">ddc</subfield>
    <subfield code="4">0</subfield>
    <subfield code="7">0</subfield>
    <subfield code="a">GIRONA</subfield>
    <subfield code="b">GIRONA</subfield>
    <subfield code="d">2013-01-23</subfield>
    <subfield code="h">(n&#xFA;mero 23) 1936</subfield>
    <subfield code="l">0</subfield>
    <subfield code="o">Bg 95</subfield>
    <subfield code="p">GIRONA15070080</subfield>
    <subfield code="r">2013-01-23</subfield>
    <subfield code="w">2013-01-23</subfield>
    <subfield code="y">RES</subfield>
  </datafield>
  <datafield tag="952" ind1=" " ind2=" ">
    <subfield code="0">0</subfield>
    <subfield code="1">0</subfield>
    <subfield code="2">ddc</subfield>
    <subfield code="4">0</subfield>
    <subfield code="7">0</subfield>
    <subfield code="a">GIRONA</subfield>
    <subfield code="b">GIRONA</subfield>
    <subfield code="d">2013-01-23</subfield>
    <subfield code="h">(n&#xFA;mero 24) 1936</subfield>
    <subfield code="l">0</subfield>
    <subfield code="o">Bg 96</subfield>
    <subfield code="p">GIRONA15070081</subfield>
    <subfield code="r">2013-01-23</subfield>
    <subfield code="w">2013-01-23</subfield>
    <subfield code="y">RES</subfield>
  </datafield>
  <datafield tag="952" ind1=" " ind2=" ">
    <subfield code="0">0</subfield>
    <subfield code="1">0</subfield>
    <subfield code="2">ddc</subfield>
    <subfield code="4">0</subfield>
    <subfield code="7">0</subfield>
    <subfield code="a">GIRONA</subfield>
    <subfield code="b">GIRONA</subfield>
    <subfield code="d">2013-01-23</subfield>
    <subfield code="h">(n&#xFA;mero 25) 1936</subfield>
    <subfield code="l">0</subfield>
    <subfield code="o">Bg 98</subfield>
    <subfield code="p">GIRONA15070082</subfield>
    <subfield code="r">2013-01-23</subfield>
    <subfield code="w">2013-01-23</subfield>
    <subfield code="y">RES</subfield>
  </datafield>
  <datafield tag="952" ind1=" " ind2=" ">
    <subfield code="0">0</subfield>
    <subfield code="1">0</subfield>
    <subfield code="2">ddc</subfield>
    <subfield code="4">0</subfield>
    <subfield code="7">0</subfield>
    <subfield code="a">GIRONA</subfield>
    <subfield code="b">GIRONA</subfield>
    <subfield code="d">2013-01-23</subfield>
    <subfield code="h">(n&#xFA;mero 14) 1935</subfield>
    <subfield code="l">0</subfield>
    <subfield code="o">Bg 87</subfield>
    <subfield code="p">GIRONA15070072</subfield>
    <subfield code="r">2013-01-23</subfield>
    <subfield code="w">2013-01-23</subfield>
    <subfield code="y">RES</subfield>
  </datafield>
  <datafield tag="952" ind1=" " ind2=" ">
    <subfield code="0">0</subfield>
    <subfield code="1">0</subfield>
    <subfield code="2">ddc</subfield>
    <subfield code="4">0</subfield>
    <subfield code="7">0</subfield>
    <subfield code="a">GIRONA</subfield>
    <subfield code="b">GIRONA</subfield>
    <subfield code="d">2013-01-23</subfield>
    <subfield code="h">(n&#xFA;mero 15) 1935</subfield>
    <subfield code="l">0</subfield>
    <subfield code="o">Bg 88</subfield>
    <subfield code="p">GIRONA15070073</subfield>
    <subfield code="r">2013-01-23</subfield>
    <subfield code="w">2013-01-23</subfield>
    <subfield code="y">RES</subfield>
  </datafield>
  <datafield tag="952" ind1=" " ind2=" ">
    <subfield code="0">0</subfield>
    <subfield code="1">0</subfield>
    <subfield code="2">ddc</subfield>
    <subfield code="4">0</subfield>
    <subfield code="7">0</subfield>
    <subfield code="a">CDMR</subfield>
    <subfield code="b">CDMR</subfield>
    <subfield code="d">2013-01-23</subfield>
    <subfield code="h">I-II. 1933</subfield>
    <subfield code="l">0</subfield>
    <subfield code="p">CDMR1312613397</subfield>
    <subfield code="r">2013-01-23</subfield>
    <subfield code="w">2013-01-23</subfield>
    <subfield code="y">RES</subfield>
  </datafield>
  <datafield tag="952" ind1=" " ind2=" ">
    <subfield code="0">0</subfield>
    <subfield code="1">0</subfield>
    <subfield code="2">ddc</subfield>
    <subfield code="4">0</subfield>
    <subfield code="7">0</subfield>
    <subfield code="a">CDMR</subfield>
    <subfield code="b">CDMR</subfield>
    <subfield code="d">2013-01-23</subfield>
    <subfield code="h">III-IV. 1934</subfield>
    <subfield code="l">0</subfield>
    <subfield code="p">CDMR1312613396</subfield>
    <subfield code="r">2013-01-23</subfield>
    <subfield code="w">2013-01-23</subfield>
    <subfield code="y">RES</subfield>
  </datafield>
  <datafield tag="952" ind1=" " ind2=" ">
    <subfield code="0">0</subfield>
    <subfield code="1">0</subfield>
    <subfield code="2">ddc</subfield>
    <subfield code="4">0</subfield>
    <subfield code="7">0</subfield>
    <subfield code="a">CDMR</subfield>
    <subfield code="b">CDMR</subfield>
    <subfield code="d">2013-01-23</subfield>
    <subfield code="h">VII-IX. 1934</subfield>
    <subfield code="l">0</subfield>
    <subfield code="p">CDMR1312613395</subfield>
    <subfield code="r">2013-01-23</subfield>
    <subfield code="w">2013-01-23</subfield>
    <subfield code="y">RES</subfield>
  </datafield>
  <datafield tag="952" ind1=" " ind2=" ">
    <subfield code="0">0</subfield>
    <subfield code="1">0</subfield>
    <subfield code="2">ddc</subfield>
    <subfield code="4">0</subfield>
    <subfield code="7">0</subfield>
    <subfield code="a">CDMR</subfield>
    <subfield code="b">CDMR</subfield>
    <subfield code="d">2013-01-23</subfield>
    <subfield code="h">X-XII. 1935</subfield>
    <subfield code="l">0</subfield>
    <subfield code="p">CDMR1312613398</subfield>
    <subfield code="r">2013-01-23</subfield>
    <subfield code="w">2013-01-23</subfield>
    <subfield code="y">RES</subfield>
  </datafield>
  <datafield tag="952" ind1=" " ind2=" ">
    <subfield code="0">0</subfield>
    <subfield code="1">0</subfield>
    <subfield code="2">ddc</subfield>
    <subfield code="4">0</subfield>
    <subfield code="7">0</subfield>
    <subfield code="a">CDMR</subfield>
    <subfield code="b">CDMR</subfield>
    <subfield code="d">2013-01-23</subfield>
    <subfield code="h">XIII-XV. 1935</subfield>
    <subfield code="l">0</subfield>
    <subfield code="p">CDMR1312613399</subfield>
    <subfield code="r">2013-01-23</subfield>
    <subfield code="w">2013-01-23</subfield>
    <subfield code="y">RES</subfield>
  </datafield>
  <datafield tag="952" ind1=" " ind2=" ">
    <subfield code="0">0</subfield>
    <subfield code="1">0</subfield>
    <subfield code="2">ddc</subfield>
    <subfield code="4">0</subfield>
    <subfield code="7">0</subfield>
    <subfield code="a">CDMR</subfield>
    <subfield code="b">CDMR</subfield>
    <subfield code="d">2013-01-23</subfield>
    <subfield code="h">XVI-XIX. 1935</subfield>
    <subfield code="l">0</subfield>
    <subfield code="p">CDMR1312613400</subfield>
    <subfield code="r">2013-01-23</subfield>
    <subfield code="w">2013-01-23</subfield>
    <subfield code="y">RES</subfield>
  </datafield>
  <datafield tag="952" ind1=" " ind2=" ">
    <subfield code="0">0</subfield>
    <subfield code="1">0</subfield>
    <subfield code="2">ddc</subfield>
    <subfield code="4">0</subfield>
    <subfield code="7">0</subfield>
    <subfield code="a">CDMR</subfield>
    <subfield code="b">CDMR</subfield>
    <subfield code="d">2013-01-23</subfield>
    <subfield code="h">XX-XXII. 1935</subfield>
    <subfield code="l">0</subfield>
    <subfield code="p">CDMR1312613401</subfield>
    <subfield code="r">2013-01-23</subfield>
    <subfield code="w">2013-01-23</subfield>
    <subfield code="y">RES</subfield>
  </datafield>
  <datafield tag="952" ind1=" " ind2=" ">
    <subfield code="0">0</subfield>
    <subfield code="1">0</subfield>
    <subfield code="2">ddc</subfield>
    <subfield code="4">0</subfield>
    <subfield code="7">0</subfield>
    <subfield code="a">CDMR</subfield>
    <subfield code="b">CDMR</subfield>
    <subfield code="d">2013-01-23</subfield>
    <subfield code="h">XXIII-XXV. 1936</subfield>
    <subfield code="l">0</subfield>
    <subfield code="p">CDMR1312613402</subfield>
    <subfield code="r">2013-01-23</subfield>
    <subfield code="w">2013-01-23</subfield>
    <subfield code="y">RES</subfield>
  </datafield>
  <datafield tag="952" ind1=" " ind2=" ">
    <subfield code="0">0</subfield>
    <subfield code="1">0</subfield>
    <subfield code="4">0</subfield>
    <subfield code="7">0</subfield>
    <subfield code="a">GIRONA</subfield>
    <subfield code="b">GIRONA</subfield>
    <subfield code="d">2015-07-15</subfield>
    <subfield code="h">(n&#xFA;mero 16) 1935</subfield>
    <subfield code="l">0</subfield>
    <subfield code="o">Bg 89 (2)</subfield>
    <subfield code="p">GIRONA15070084</subfield>
    <subfield code="r">2015-07-15</subfield>
    <subfield code="w">2015-07-15</subfield>
    <subfield code="y">SER</subfield>
  </datafield>
  <datafield tag="952" ind1=" " ind2=" ">
    <subfield code="0">0</subfield>
    <subfield code="1">0</subfield>
    <subfield code="4">0</subfield>
    <subfield code="7">0</subfield>
    <subfield code="a">GIRONA</subfield>
    <subfield code="b">GIRONA</subfield>
    <subfield code="d">2015-07-15</subfield>
    <subfield code="h">(n&#xFA;mero 17) 1935</subfield>
    <subfield code="l">0</subfield>
    <subfield code="o">Bg 90 (2)</subfield>
    <subfield code="p">GIRONA15070085</subfield>
    <subfield code="r">2015-07-15</subfield>
    <subfield code="w">2015-07-15</subfield>
    <subfield code="y">SER</subfield>
  </datafield>
  <datafield tag="952" ind1=" " ind2=" ">
    <subfield code="0">0</subfield>
    <subfield code="1">0</subfield>
    <subfield code="4">0</subfield>
    <subfield code="7">0</subfield>
    <subfield code="a">GIRONA</subfield>
    <subfield code="b">GIRONA</subfield>
    <subfield code="d">2015-07-15</subfield>
    <subfield code="h">(n&#xFA;mero 21) 1936</subfield>
    <subfield code="l">0</subfield>
    <subfield code="o">Bg 93 (2)</subfield>
    <subfield code="p">GIRONA15070086</subfield>
    <subfield code="r">2015-07-15</subfield>
    <subfield code="w">2015-07-15</subfield>
    <subfield code="y">SER</subfield>
  </datafield>
  <datafield tag="952" ind1=" " ind2=" ">
    <subfield code="0">0</subfield>
    <subfield code="1">0</subfield>
    <subfield code="4">0</subfield>
    <subfield code="7">0</subfield>
    <subfield code="a">GIRONA</subfield>
    <subfield code="b">GIRONA</subfield>
    <subfield code="d">2015-07-15</subfield>
    <subfield code="h">(n&#xFA;mero 22) 1936</subfield>
    <subfield code="l">0</subfield>
    <subfield code="o">Bg 94 (2)</subfield>
    <subfield code="p">CDMR15070087</subfield>
    <subfield code="r">2015-07-15</subfield>
    <subfield code="w">2015-07-15</subfield>
    <subfield code="y">SER</subfield>
  </datafield>
  <datafield tag="952" ind1=" " ind2=" ">
    <subfield code="0">0</subfield>
    <subfield code="1">0</subfield>
    <subfield code="4">0</subfield>
    <subfield code="7">0</subfield>
    <subfield code="a">GIRONA</subfield>
    <subfield code="b">GIRONA</subfield>
    <subfield code="d">2015-07-16</subfield>
    <subfield code="h">(n&#xFA;mero 17) 1990</subfield>
    <subfield code="l">0</subfield>
    <subfield code="o">Bg 252</subfield>
    <subfield code="p">GIRONA15070088</subfield>
    <subfield code="r">2015-07-16</subfield>
    <subfield code="w">2015-07-16</subfield>
    <subfield code="y">SER</subfield>
  </datafield>
  <datafield tag="952" ind1=" " ind2=" ">
    <subfield code="0">0</subfield>
    <subfield code="1">0</subfield>
    <subfield code="4">0</subfield>
    <subfield code="7">0</subfield>
    <subfield code="a">GIRONA</subfield>
    <subfield code="b">GIRONA</subfield>
    <subfield code="d">2015-07-16</subfield>
    <subfield code="h">(n&#xFA;mero 3-4) 1985</subfield>
    <subfield code="l">0</subfield>
    <subfield code="o">Bg 253</subfield>
    <subfield code="p">GIRONA15070089</subfield>
    <subfield code="r">2015-07-16</subfield>
    <subfield code="w">2015-07-16</subfield>
    <subfield code="y">SER</subfield>
  </datafield>
  <datafield tag="952" ind1=" " ind2=" ">
    <subfield code="0">0</subfield>
    <subfield code="1">0</subfield>
    <subfield code="4">0</subfield>
    <subfield code="7">0</subfield>
    <subfield code="a">GIRONA</subfield>
    <subfield code="b">GIRONA</subfield>
    <subfield code="d">2015-07-16</subfield>
    <subfield code="h">(n&#xFA;mero 25) 1994</subfield>
    <subfield code="l">0</subfield>
    <subfield code="o">Bg 257</subfield>
    <subfield code="p">GIRONA15070090</subfield>
    <subfield code="r">2015-07-16</subfield>
    <subfield code="w">2015-07-16</subfield>
    <subfield code="y">SER</subfield>
  </datafield>
  <datafield tag="952" ind1=" " ind2=" ">
    <subfield code="0">0</subfield>
    <subfield code="1">0</subfield>
    <subfield code="4">0</subfield>
    <subfield code="7">0</subfield>
    <subfield code="a">GIRONA</subfield>
    <subfield code="b">GIRONA</subfield>
    <subfield code="d">2015-07-16</subfield>
    <subfield code="h">(n&#xFA;mero 13) 1987-1988</subfield>
    <subfield code="l">0</subfield>
    <subfield code="o">Bg 266</subfield>
    <subfield code="p">GIRONA15070091</subfield>
    <subfield code="r">2015-07-16</subfield>
    <subfield code="w">2015-07-16</subfield>
    <subfield code="y">SER</subfield>
  </datafield>
  <datafield tag="952" ind1=" " ind2=" ">
    <subfield code="0">0</subfield>
    <subfield code="1">0</subfield>
    <subfield code="4">0</subfield>
    <subfield code="7">0</subfield>
    <subfield code="a">GIRONA</subfield>
    <subfield code="b">GIRONA</subfield>
    <subfield code="d">2015-07-16</subfield>
    <subfield code="h">(n&#xFA;mero 18) 1991</subfield>
    <subfield code="l">0</subfield>
    <subfield code="o">Bg 273</subfield>
    <subfield code="p">CDMR15070092</subfield>
    <subfield code="r">2015-07-16</subfield>
    <subfield code="w">2015-07-16</subfield>
    <subfield code="y">SER</subfield>
  </datafield>
  <datafield tag="952" ind1=" " ind2=" ">
    <subfield code="0">0</subfield>
    <subfield code="1">0</subfield>
    <subfield code="4">0</subfield>
    <subfield code="7">0</subfield>
    <subfield code="a">GIRONA</subfield>
    <subfield code="b">GIRONA</subfield>
    <subfield code="d">2015-07-16</subfield>
    <subfield code="h">(n&#xFA;mero 26-27) 1990</subfield>
    <subfield code="l">0</subfield>
    <subfield code="o">Bg 294</subfield>
    <subfield code="p">GIRONA15070093</subfield>
    <subfield code="r">2015-07-16</subfield>
    <subfield code="w">2015-07-16</subfield>
    <subfield code="y">SER</subfield>
  </datafield>
  <datafield tag="952" ind1=" " ind2=" ">
    <subfield code="0">0</subfield>
    <subfield code="1">0</subfield>
    <subfield code="4">0</subfield>
    <subfield code="7">0</subfield>
    <subfield code="a">GIRONA</subfield>
    <subfield code="b">GIRONA</subfield>
    <subfield code="d">2015-07-28</subfield>
    <subfield code="h">(n&#xFA;mero 8-9) 1986</subfield>
    <subfield code="l">0</subfield>
    <subfield code="o">Bg 570</subfield>
    <subfield code="p">GIRONA15070168</subfield>
    <subfield code="r">2015-07-28</subfield>
    <subfield code="w">2015-07-28</subfield>
    <subfield code="y">SER</subfield>
  </datafield>
  <datafield tag="952" ind1=" " ind2=" ">
    <subfield code="0">0</subfield>
    <subfield code="1">0</subfield>
    <subfield code="4">0</subfield>
    <subfield code="7">0</subfield>
    <subfield code="a">GIRONA</subfield>
    <subfield code="b">GIRONA</subfield>
    <subfield code="d">2015-07-28</subfield>
    <subfield code="h">(n&#xFA;mero 11) 1897</subfield>
    <subfield code="l">0</subfield>
    <subfield code="o">Bg 583</subfield>
    <subfield code="p">GIRONA15070169</subfield>
    <subfield code="r">2015-07-28</subfield>
    <subfield code="w">2015-07-28</subfield>
    <subfield code="y">SER</subfield>
  </datafield>
  <datafield tag="952" ind1=" " ind2=" ">
    <subfield code="0">0</subfield>
    <subfield code="1">0</subfield>
    <subfield code="4">0</subfield>
    <subfield code="7">0</subfield>
    <subfield code="a">GIRONA</subfield>
    <subfield code="b">GIRONA</subfield>
    <subfield code="d">2015-07-28</subfield>
    <subfield code="h">(n&#xFA;mero 10) 1987</subfield>
    <subfield code="l">0</subfield>
    <subfield code="o">Bg 610</subfield>
    <subfield code="p">GIRONA15070170</subfield>
    <subfield code="r">2015-07-28</subfield>
    <subfield code="w">2015-07-28</subfield>
    <subfield code="y">SER</subfield>
  </datafield>
  <datafield tag="952" ind1=" " ind2=" ">
    <subfield code="0">0</subfield>
    <subfield code="1">0</subfield>
    <subfield code="4">0</subfield>
    <subfield code="7">0</subfield>
    <subfield code="a">GIRONA</subfield>
    <subfield code="b">GIRONA</subfield>
    <subfield code="d">2015-07-28</subfield>
    <subfield code="h">(n&#xFA;mero 14) 1988</subfield>
    <subfield code="l">0</subfield>
    <subfield code="o">Bg 638</subfield>
    <subfield code="p">GIRONA15070171</subfield>
    <subfield code="r">2015-07-28</subfield>
    <subfield code="w">2015-07-28</subfield>
    <subfield code="y">SER</subfield>
  </datafield>
  <datafield tag="952" ind1=" " ind2=" ">
    <subfield code="0">0</subfield>
    <subfield code="1">0</subfield>
    <subfield code="4">0</subfield>
    <subfield code="7">0</subfield>
    <subfield code="a">GIRONA</subfield>
    <subfield code="b">GIRONA</subfield>
    <subfield code="d">2015-07-28</subfield>
    <subfield code="h">(n&#xFA;mero 15) 1989</subfield>
    <subfield code="l">0</subfield>
    <subfield code="o">Bg 692</subfield>
    <subfield code="p">GIRONA15070172</subfield>
    <subfield code="r">2015-07-28</subfield>
    <subfield code="w">2015-07-28</subfield>
    <subfield code="y">SER</subfield>
  </datafield>
  <datafield tag="952" ind1=" " ind2=" ">
    <subfield code="0">0</subfield>
    <subfield code="1">0</subfield>
    <subfield code="4">0</subfield>
    <subfield code="7">0</subfield>
    <subfield code="a">GIRONA</subfield>
    <subfield code="b">GIRONA</subfield>
    <subfield code="d">2015-07-28</subfield>
    <subfield code="h">(n&#xFA;mero 17) 1990</subfield>
    <subfield code="l">0</subfield>
    <subfield code="o">Bg 1038</subfield>
    <subfield code="p">GIRONA15070173</subfield>
    <subfield code="r">2015-07-28</subfield>
    <subfield code="w">2015-07-28</subfield>
    <subfield code="y">SER</subfield>
  </datafield>
  <datafield tag="952" ind1=" " ind2=" ">
    <subfield code="0">0</subfield>
    <subfield code="1">0</subfield>
    <subfield code="4">0</subfield>
    <subfield code="7">0</subfield>
    <subfield code="a">GIRONA</subfield>
    <subfield code="b">GIRONA</subfield>
    <subfield code="d">2015-07-30</subfield>
    <subfield code="h">(n&#xFA;mero 0) 1984</subfield>
    <subfield code="l">0</subfield>
    <subfield code="o">Bg 1195</subfield>
    <subfield code="p">GIRONA15070196</subfield>
    <subfield code="r">2015-07-30</subfield>
    <subfield code="w">2015-07-30</subfield>
    <subfield code="y">SER</subfield>
  </datafield>
  <datafield tag="952" ind1=" " ind2=" ">
    <subfield code="0">0</subfield>
    <subfield code="1">0</subfield>
    <subfield code="4">0</subfield>
    <subfield code="7">0</subfield>
    <subfield code="a">GIRONA</subfield>
    <subfield code="b">GIRONA</subfield>
    <subfield code="d">2015-07-30</subfield>
    <subfield code="h">(n&#xFA;mero 0) 1984</subfield>
    <subfield code="l">0</subfield>
    <subfield code="o">Bg 1996</subfield>
    <subfield code="p">GIRONA15070197</subfield>
    <subfield code="r">2015-07-30</subfield>
    <subfield code="w">2015-07-30</subfield>
    <subfield code="y">SER</subfield>
  </datafield>
  <datafield tag="952" ind1=" " ind2=" ">
    <subfield code="0">0</subfield>
    <subfield code="1">0</subfield>
    <subfield code="4">0</subfield>
    <subfield code="7">0</subfield>
    <subfield code="a">GIRONA</subfield>
    <subfield code="b">GIRONA</subfield>
    <subfield code="d">2015-07-30</subfield>
    <subfield code="h">(n&#xFA;mero 1) 1984</subfield>
    <subfield code="l">0</subfield>
    <subfield code="o">Bg 1197</subfield>
    <subfield code="p">GIRONA15070198</subfield>
    <subfield code="r">2015-07-30</subfield>
    <subfield code="w">2015-07-30</subfield>
    <subfield code="y">SER</subfield>
  </datafield>
  <datafield tag="952" ind1=" " ind2=" ">
    <subfield code="0">0</subfield>
    <subfield code="1">0</subfield>
    <subfield code="4">0</subfield>
    <subfield code="7">0</subfield>
    <subfield code="a">GIRONA</subfield>
    <subfield code="b">GIRONA</subfield>
    <subfield code="d">2015-07-30</subfield>
    <subfield code="h">(n&#xFA;mero 2) 1985</subfield>
    <subfield code="l">0</subfield>
    <subfield code="o">Bg 1198</subfield>
    <subfield code="p">GIRONA15070199</subfield>
    <subfield code="r">2015-07-30</subfield>
    <subfield code="w">2015-07-30</subfield>
    <subfield code="y">SER</subfield>
  </datafield>
  <datafield tag="952" ind1=" " ind2=" ">
    <subfield code="0">0</subfield>
    <subfield code="1">0</subfield>
    <subfield code="4">0</subfield>
    <subfield code="7">0</subfield>
    <subfield code="a">GIRONA</subfield>
    <subfield code="b">GIRONA</subfield>
    <subfield code="d">2015-07-30</subfield>
    <subfield code="h">(n&#xFA;mero 5) 1985</subfield>
    <subfield code="l">0</subfield>
    <subfield code="o">Bg 1999</subfield>
    <subfield code="p">GIRONA15070200</subfield>
    <subfield code="r">2015-07-30</subfield>
    <subfield code="w">2015-07-30</subfield>
    <subfield code="y">SER</subfield>
  </datafield>
  <datafield tag="952" ind1=" " ind2=" ">
    <subfield code="0">0</subfield>
    <subfield code="1">0</subfield>
    <subfield code="4">0</subfield>
    <subfield code="7">0</subfield>
    <subfield code="a">GIRONA</subfield>
    <subfield code="b">GIRONA</subfield>
    <subfield code="d">2015-07-30</subfield>
    <subfield code="h">(n&#xFA;mero 5) 1985</subfield>
    <subfield code="l">0</subfield>
    <subfield code="o">Bg 1200</subfield>
    <subfield code="p">GIRONA15070201</subfield>
    <subfield code="r">2015-07-30</subfield>
    <subfield code="w">2015-07-30</subfield>
    <subfield code="y">SER</subfield>
  </datafield>
  <datafield tag="952" ind1=" " ind2=" ">
    <subfield code="0">0</subfield>
    <subfield code="1">0</subfield>
    <subfield code="4">0</subfield>
    <subfield code="7">0</subfield>
    <subfield code="a">GIRONA</subfield>
    <subfield code="b">GIRONA</subfield>
    <subfield code="d">2015-07-30</subfield>
    <subfield code="h">(n&#xFA;mero 16) 1990</subfield>
    <subfield code="l">0</subfield>
    <subfield code="o">Bg 1201</subfield>
    <subfield code="p">GIRONA15070202</subfield>
    <subfield code="r">2015-07-30</subfield>
    <subfield code="w">2015-07-30</subfield>
    <subfield code="y">SER</subfield>
  </datafield>
  <datafield tag="952" ind1=" " ind2=" ">
    <subfield code="0">0</subfield>
    <subfield code="1">0</subfield>
    <subfield code="4">0</subfield>
    <subfield code="7">0</subfield>
    <subfield code="a">GIRONA</subfield>
    <subfield code="b">GIRONA</subfield>
    <subfield code="d">2015-07-30</subfield>
    <subfield code="h">(n&#xFA;mero 19) 1991</subfield>
    <subfield code="l">0</subfield>
    <subfield code="o">Bg 1202</subfield>
    <subfield code="p">GIRONA15070203</subfield>
    <subfield code="r">2015-07-30</subfield>
    <subfield code="w">2015-07-30</subfield>
    <subfield code="y">SER</subfield>
  </datafield>
  <datafield tag="952" ind1=" " ind2=" ">
    <subfield code="0">0</subfield>
    <subfield code="1">0</subfield>
    <subfield code="4">0</subfield>
    <subfield code="7">0</subfield>
    <subfield code="a">GIRONA</subfield>
    <subfield code="b">GIRONA</subfield>
    <subfield code="d">2015-07-30</subfield>
    <subfield code="h">(n&#xFA;mero 20) 1992</subfield>
    <subfield code="l">0</subfield>
    <subfield code="o">Bg 1203</subfield>
    <subfield code="p">GIRONA15070204</subfield>
    <subfield code="r">2015-07-30</subfield>
    <subfield code="w">2015-07-30</subfield>
    <subfield code="y">SER</subfield>
  </datafield>
  <datafield tag="952" ind1=" " ind2=" ">
    <subfield code="0">0</subfield>
    <subfield code="1">0</subfield>
    <subfield code="4">0</subfield>
    <subfield code="7">0</subfield>
    <subfield code="a">GIRONA</subfield>
    <subfield code="b">GIRONA</subfield>
    <subfield code="d">2015-07-30</subfield>
    <subfield code="h">(n&#xFA;mero 21) 1992</subfield>
    <subfield code="l">0</subfield>
    <subfield code="o">Bg 1204</subfield>
    <subfield code="p">GIRONA15070205</subfield>
    <subfield code="r">2015-07-30</subfield>
    <subfield code="w">2015-07-30</subfield>
    <subfield code="y">SER</subfield>
  </datafield>
  <datafield tag="952" ind1=" " ind2=" ">
    <subfield code="0">0</subfield>
    <subfield code="1">0</subfield>
    <subfield code="4">0</subfield>
    <subfield code="7">0</subfield>
    <subfield code="a">GIRONA</subfield>
    <subfield code="b">GIRONA</subfield>
    <subfield code="d">2015-07-30</subfield>
    <subfield code="h">(n&#xFA;mero 21) 1992</subfield>
    <subfield code="l">0</subfield>
    <subfield code="o">Bg 1205</subfield>
    <subfield code="p">GIRONA15070206</subfield>
    <subfield code="r">2015-07-30</subfield>
    <subfield code="w">2015-07-30</subfield>
    <subfield code="y">SER</subfield>
  </datafield>
  <datafield tag="952" ind1=" " ind2=" ">
    <subfield code="0">0</subfield>
    <subfield code="1">0</subfield>
    <subfield code="4">0</subfield>
    <subfield code="7">0</subfield>
    <subfield code="a">GIRONA</subfield>
    <subfield code="b">GIRONA</subfield>
    <subfield code="d">2015-07-30</subfield>
    <subfield code="h">(n&#xFA;mero 22) 1993</subfield>
    <subfield code="l">0</subfield>
    <subfield code="o">Bg 1206</subfield>
    <subfield code="p">GIRONA15070207</subfield>
    <subfield code="r">2015-07-30</subfield>
    <subfield code="w">2015-07-30</subfield>
    <subfield code="y">SER</subfield>
  </datafield>
  <datafield tag="952" ind1=" " ind2=" ">
    <subfield code="0">0</subfield>
    <subfield code="1">0</subfield>
    <subfield code="4">0</subfield>
    <subfield code="7">0</subfield>
    <subfield code="a">GIRONA</subfield>
    <subfield code="b">GIRONA</subfield>
    <subfield code="d">2015-07-30</subfield>
    <subfield code="h">(n&#xFA;mero 23) 1993</subfield>
    <subfield code="l">0</subfield>
    <subfield code="o">Bg 1207</subfield>
    <subfield code="p">GIRONA15070208</subfield>
    <subfield code="r">2015-07-30</subfield>
    <subfield code="w">2015-07-30</subfield>
    <subfield code="y">SER</subfield>
  </datafield>
  <datafield tag="952" ind1=" " ind2=" ">
    <subfield code="0">0</subfield>
    <subfield code="1">0</subfield>
    <subfield code="4">0</subfield>
    <subfield code="7">0</subfield>
    <subfield code="a">GIRONA</subfield>
    <subfield code="b">GIRONA</subfield>
    <subfield code="d">2015-07-30</subfield>
    <subfield code="h">(n&#xFA;mero 23) 1993</subfield>
    <subfield code="l">0</subfield>
    <subfield code="o">Bg 1208</subfield>
    <subfield code="p">GIRONA15070209</subfield>
    <subfield code="r">2015-07-30</subfield>
    <subfield code="w">2015-07-30</subfield>
    <subfield code="y">SER</subfield>
  </datafield>
  <datafield tag="952" ind1=" " ind2=" ">
    <subfield code="0">0</subfield>
    <subfield code="1">0</subfield>
    <subfield code="4">0</subfield>
    <subfield code="7">0</subfield>
    <subfield code="a">GIRONA</subfield>
    <subfield code="b">GIRONA</subfield>
    <subfield code="d">2015-07-30</subfield>
    <subfield code="h">(n&#xFA;mero 24) 1994</subfield>
    <subfield code="l">0</subfield>
    <subfield code="o">Bg 1209</subfield>
    <subfield code="p">GIRONA15070210</subfield>
    <subfield code="r">2015-07-30</subfield>
    <subfield code="w">2015-07-30</subfield>
    <subfield code="y">SER</subfield>
  </datafield>
</record>
